• 首页
  • 本馆介绍
  • 公告通知
  • 最新文献
  • 馆藏检索
  • 电子资源
  • 读者导购
  • 参考咨询
  • 我的图书馆
  • 登录
  • 详细信息显示
  • 放入我的书架
  • 预约/预借图书
  • 作者相关作品
  • 分类相关作品
  • 丛书相关作品
  • 出版社相关作品

书目信息

  • 表格格式
  • 工作单格式
  • 卡片格式
题名:
返回原始
    
 
作者: 古贝尔 , 巴符洛夫 编 ;刘惠民 译
分册:  
出版信息: 北京   文化艺术出版社  1997.01
页数: 436页
开本: 32开
丛书名: 思想者书系
单 册:
中图分类: J03
科图分类:
主题词: 艺术--工作人员
电子资源:
ISBN: 7-5039-1561-7
000 00792nam0 2200253 45
001 0110240981
005 20031219104051.2
010    @a7-5039-1561-7@dCNY18.00
100    @a20011024d1997 km y0chiy0120 ea
101 0  @achi@crus
105    @a z 000yy
200 1  @a返回原始@AFan Hui Yuan Shi@e艺术大师论艺术@EYi Shu Da Shi Lun Yi Shu@f(俄)古贝尔,巴符洛夫编@F(E)Gu Bei Er,Ba Fu Luo Fu Bian@g刘惠民译
210    @a北京@c文化艺术出版社@d1997.01
215    @a436页@d32开
225    @a思想者书系
410    @12001 @a思想者书系
517    @a艺术大师论艺术@AYi Shu Da Shi Lun Yi Shu
606 0  @a艺术@x工作人员
690    @aJ03@v4
701    @a古贝尔@4编
701  0 @a巴符洛夫@4编
702  0 @a刘惠民@ALiu Hui Min@4译
801    @aCN@bTSTC@c20011024
905    @f5@b299784-788@dJ03@e80
    
    返回原始:艺术大师论艺术/(俄)古贝尔,巴符洛夫编/刘惠民译.-北京:文化艺术出版社,1997.01
    436页;32开.-(思想者书系)
    
    
    ISBN 7-5039-1561-7:CNY18.00
    
●
相关链接 在E读中查询图书 在五车中查询图书 在当当中查询图书 在豆瓣中查询图书


正题名:返回原始     索取号:J03/80         预约/预借

序号 登录号 条形码 馆藏地/架位号 状态 备注
1 0299784   202997846   第一借阅区/ [索取号:J03/80] 在馆    
2 0299785   202997855   密集书库/ [索取号:J03/80] 在馆    
3 0299786   202997864   密集书库/ [索取号:J03/80] 在馆    
4 0299787   202997873   密集书库/ [索取号:J03/80] 在馆    
5 0299788   202997882   第一样本阅览室/ [索取号:J03/80] 在馆    
6 0300572   203005728   密集书库/ [索取号:J03/80] 在馆    
7 0300573   203005737   密集书库/ [索取号:J03/80] 在馆    
8 0300574   203005746   密集书库/ [索取号:J03/80] 在馆    
9 0300575   203005755   密集书库/ [索取号:J03/80] 在馆    
唐山师范学院图书馆 欢迎您!
大连网信软件有限公司© 版权所有